| 000 | 00436nam a2200169 a 4500 | ||
|---|---|---|---|
| 001 | 4191 | ||
| 003 | CO-ViMGA | ||
| 008 | 141112s2004 ck r 000 u spa d | ||
| 040 |
_aCO-ViMGA _bspa _cCO-ViMGA |
||
| 082 | 0 | 4 | _a927.5 C111 |
| 245 | 1 | 0 | _aLuis Caballero |
| 260 |
_aSantafé de Bogotá : _bEl sello editorial, _c1995 |
||
| 300 | _a225 p | ||
| 650 | 1 | 4 |
_aCABALLERO, LUIS _954690 |
| 650 | 1 | 4 |
_aPINTURA COLOMBIANA _9602 |
| 942 |
_2ddc _cBK |
||
| 999 |
_c16206 _d16206 |
||